000 00343nam a2200157Ia 4500
003 OSt
005 20240217152631.0
008 170524s9999 xx 000 0 und d
020 _a9780912365503
040 _cIIMT
100 _aMorgan-Lane
245 4 _aThe Good Food Guide
260 _bSasquatch books
260 _c2003
942 _2ddc
_c02
999 _c7312
_d7312